LEADER 00918nam0-22003011i-450- 001 990000109740403321 005 20080521102652.0 035 $a000010974 035 $aFED01000010974 035 $a(Aleph)000010974FED01 035 $a000010974 100 $a20020821d--------km-y0itay50------ba 101 0 $aita 105 $ay-------001yy 200 1 $aHandbuch der rohrleitungen$eallgemeine beschreibung, berechnung und herstellung nebst zahlen und linientafeln$f2. auf.neubearbeitet unter mitwirkung von H. von Jurgensonn. 205 $a2. auf. 210 $aBerlin$cJ. Springer$d1939 215 $aVIII, 253 p., 10 tav.$cill.$d24 cm 610 0 $aTubi 676 $a621.867 2 700 1$aSchwelder,$bFranz 702 1$aJurgensonn,$bHelmut : von 801 0$aIT$bUNINA$gRICA$2UNIMARC 901 $aBK 912 $a990000109740403321 952 $a23 18 B 24$b17512$fFINAG 959 $aFINAG 997 $aUNINA LEADER 01056nam a2200229 i 4500 001 991003326319707536 008 170208s2016 it 000 0 ita d 020 $a9788868970321 035 $ab14316389-39ule_inst 040 $aDip.to Beni Culturali$bita 100 1 $aQuondam, Amedeo$0153771 245 12$aL'autore (e i suoi copisti), l'editor, il tipografo :$bcome il Cortegiano divenne libro a stampa. Nota ai testi di L e Ad /$cAmedeo Quondam 260 $aRoma :$bBulzoni,$c2016 300 $a632 p. ;$c24 cm. 440 0$a "Europa delle corti". Centro Studi sulle società di antico regime. Biblioteca del Cinquecento ;$v160/3 600 $aCastiglione, Baldassarre$tLibro del Cortegiano$xStoria 907 $a.b14316389$b08-02-17$c08-02-17 912 $a991003326319707536 945 $aLE019 A35 IT E 43$g1$i2001000185191$i2019000092302$lle019$op$pE50.00$q-$rl$s- $t0$u0$v0$w0$x0$y.i15796139$z08-02-17 996 $aAutore (e i suoi copisti), l'editor, il tipografo$91395539 997 $aUNISALENTO 998 $ale019$b08-02-16$cm$da $e-$fita$git $h2$i0